000 00510nam a2200181Ia 4500
005 20250326124349.0
008 250326s9999 xx 000 0 und d
037 _aTextbook
040 _aFMSL
_beng
_cFMSL
041 _aeng
_2eng
084 _aX:77ogB K2
_qFMSL
100 _aTinbergen J
_9122227
245 0 _aMathematical models of economic growth
_cTinbergen J; Bos H C
260 _aNY
_bNY, McGraw-Hill
_c1962
300 _a131p
942 _cTB
_hX:77ogB K2
999 _c1273439
_d1273439